Spon's civil engineering and highway works price book (Record no. 116063)

MARC details
000 -LEADER
fixed length control field 01158cam a22002895a 4500
001 - CONTROL NUMBER
control field L159632
008 - FIXED-LENGTH DATA ELEMENTS--GENERAL INFORMATION
fixed length control field 171130s2017 xxk f 001 0 eng d
020 ## - INTERNATIONAL STANDARD BOOK NUMBER
International Standard Book Number 978131510768
035 ## - SYSTEM CONTROL NUMBER
System control number (Sirsi) u159632
041 0# - LANGUAGE CODE
Language code of text/sound track or separate title eng
110 2# - MAIN ENTRY--CORPORATE NAME
Corporate name or jurisdiction name as entry element AECOM
245 00 - TITLE STATEMENT
Title Spon's civil engineering and highway works price book
Remainder of title 2018
Medium [electronic resource]
250 ## - EDITION STATEMENT
Edition statement 32nd ed
260 ## - PUBLICATION, DISTRIBUTION, ETC.
Place of publication, distribution, etc. London
Name of publisher, distributor, etc. CRC Press
-- Taylor and Francis
Date of publication, distribution, etc. 2017
520 ## - SUMMARY, ETC.
Summary, etc. Provides costs for both general and civil engineering works and highway works, and shows a full breakdown of labour, plant and material elements. Contains prices revised up to May-June 2017
520 ## - SUMMARY, ETC.
Summary, etc. Supersedes 31ed (ISBN 9781498786126)
520 ## - SUMMARY, ETC.
Summary, etc. This item is archived on VLEBooks. Please contact [email protected] if you would like this title reactivated. Note we do not have more recent editions of this title available digitally.
521 ## - TARGET AUDIENCE NOTE
Target audience note Advanced
590 ## - LOCAL NOTE (RLIN)
Local note KA
650 24 - SUBJECT ADDED ENTRY--TOPICAL TERM
Topical term or geographic name entry element HIGHWAYS
650 24 - SUBJECT ADDED ENTRY--TOPICAL TERM
Topical term or geographic name entry element CIVIL ENGINEERING
651 #4 - SUBJECT ADDED ENTRY--GEOGRAPHIC NAME
Geographic name United Kingdom
690 ## - LOCAL SUBJECT ADDED ENTRY--TOPICAL TERM (OCLC, RLIN)
Topical term or geographic name as entry element Cost management
9 (RLIN) 6233
690 ## - LOCAL SUBJECT ADDED ENTRY--TOPICAL TERM (OCLC, RLIN)
Topical term or geographic name as entry element Construction management
9 (RLIN) 6230
690 ## - LOCAL SUBJECT ADDED ENTRY--TOPICAL TERM (OCLC, RLIN)
Topical term or geographic name as entry element Infrastructure
9 (RLIN) 6246
942 ## - ADDED ENTRY ELEMENTS (KOHA)
Suppress in OPAC 0
Source of classification or shelving scheme Dewey Decimal Classification
Holdings
Withdrawn status Lost status Source of classification or shelving scheme Damaged status Not for loan Home library Current library Shelving location Date acquired Total Checkouts Full call number Barcode Date last seen Copy number Price effective from Koha item type
    Dewey Decimal Classification     Virtual Virtual Online 30/11/2017   Archived 159632-2001 23/12/2024 1 06/08/2019 Book